Czy znasz te kwiaty? - Statystyki

Ogólne statystyki
  • Ten quiz został rozwiązany 62 razy
  • Średni wynik to 14 z 20
Statystyki odpowiedzi
Obrazkowy Odpowiedź % Poprawnych
Mak
98%
Przebiśnieg
98%
Róża
98%
Słonecznik
98%
Tulipan
98%
Mlecz
96%
Konwalia
92%
Krokus
92%
Stokrotka
92%
Bratek
88%
Dmuchawiec
88%
Żonkil
88%
Lilia
67%
Orchidea
65%
Dalia
61%
Szafir
43%
Mieczyk
39%
Jaśmin
22%
Len
10%
Sasanek
2%
Nie znaleziono quizów pasujących do podanych kryteriów
Rozkład punktacji
Procent ludzi z każdym wynikiem
Percentyl według liczby udzielonych odpowiedzi
Twoja historia wyników
Nie rozwiązałeś tego quizu